Statistics for Biggest Cities in New South Wales

Click here to take the quiz!

General Stats

  • This quiz has been taken 31 times
  • The average score is 10 of 18

Answer Stats

PopulationCity% Correct
5,230,330Sydney
100%
486,704Newcastle
86%
302,739Wollongong
82%
93,603Albury
64%
333,627Central Coast
64%
38,392Dubbo
61%
40,493Orange
61%
56,442Wagga Wagga
61%
71,822Coffs Harbour
57%
47,973Port Macquarie
57%
36,801Bathurst
54%
42,872Tamworth
50%
28,720Lismore
46%
24,504Armidale
43%
26,381Ballina
43%
26,381Taree
36%
37,420Nowra
29%
28,051Nelson Bay
14%

Score Distribution

Percentile by Number Answered

Percent of People with Each Score

Your Score History

You have not taken this quiz